000 01126pam a2200313 a 4500
001 1562581
003 OSt
005 20160809144124.0
008 920206s1992 nyu b 000 0 eng
010 _a 92052634
020 _a0060969555 :
_c$11.00 ($15.00 Can.)
040 _aDLC
_cDLC
_dDLC
043 _an-us---
050 0 0 _aLB2805
_b.G534 1992
082 0 0 _a371.2/00973
_220
100 1 _aGlasser, William,
_d1925-2013.
245 1 4 _aThe quality school :
_bmanaging students without coercion /
_cWilliam Glasser.
250 _a2nd, expanded ed.
260 _aNew York :
_bHarperPerennial,
_cc1992.
300 _ax, 310 p. ;
_c21 cm.
504 _aIncludes bibliographical references (p. [307]-310).
650 0 _aSchool management and organization
_zUnited States.
650 0 _aQuality control
_zUnited States.
650 0 _aMotivation in education.
650 0 _aSchool improvement programs
_zUnited States.
906 _a7
_bcbc
_corignew
_d1
_eocip
_f19
_gy-gencatlg
942 _2lcc
_cBOOKS
999 _c13032
_d13032